00516nam a2200133 a 450000100100000000500170001000800410002704000250006808200160009311000560010924500970016526000930026230000270035500003110920200930062718.0110613s1995 dr a 000 0 spa d aDO-SdBNPbspacBNPHU axxxxbR426m1 aRepública Dominicana.bVeterinarios sin Fronteras10aManual de crianza de aves en gallinero :bcómo hacer que tu crianza deje más ganancia... aSanto Domingo :bCentro de Solidaridad para el Desarrollo de la Mujer (Ce-Mujer),c1995. a32 p. :bil. ;c27 cm.